000 00454nam a2200181Ia 4500
001 11661
005 20260306162844.0
008 260306t1976||||xx |||||||||||||| ||spa||
041 _aESP
082 _a986
_bU53
100 _aJaramillo Levi, Enrique (comp.)
_eAUT
245 0 _aUna explosión en América:
_bel Canal de Panamá
260 _c1976
300 _a380 páginas :
_c21cm.
650 _aGEN
654 _aCHU
942 _cLIB
_dJUS
_fJUS
_2ddc
_n
999 _c11661
_d11661